000 00328nam a22000977a 4500
999 _c516872
_d516872
082 _aTNC Q100 Y48
100 _aYeshodhara, K.
_923598
245 _aRole of NGO,s in promoting non-formal environment education :
_bA case study
_cK. Yashodhara
260 _aBangalore
_bInstitute for Social and Economic change
_c2005
300 _a135p.